Quantum mechanics / (Record no. 58629)

MARC details
000 -LEADER
fixed length control field 01146nam a22003137a 4500
005 - DATE AND TIME OF LATEST TRANSACTION
control field 2011112208108.0
008 - FIXED-LENGTH DATA ELEMENTS--GENERAL INFORMATION
fixed length control field 111122t xxu||||| |||| 00| 0 eng d
010 ## - LCCN (DPL NO)
LC control number ENG-104172
020 ## - INTERNATIONAL STANDARD BOOK NUMBER
International Standard Book Number 9780071333535
Terms of availability 325.00
020 ## - INTERNATIONAL STANDARD BOOK NUMBER
International Standard Book Number 0071333533
Terms of availability 325.00
035 ## - SYSTEM CONTROL NUMBER
System control number EN-87705
037 ## - SOURCE OF ACQUISITION
Source of stock number/acquisition DBAD/PUB
040 ## - CATALOGING SOURCE
Original cataloging agency DPL
Language of cataloging Eng
082 00 - DEWEY DECIMAL CLASSIFICATION NUMBER
Classification number 530.12
100 1# - MAIN ENTRY--PERSONAL NAME
9 (RLIN) 36032
245 10 - TITLE STATEMENT
Title Quantum mechanics /
Statement of responsibility, etc by Yoav Peleg ... [et al]
250 ## - EDITION STATEMENT
Edition statement 2nd ed
260 ## - PUBLICATION, DISTRIBUTION, ETC. (IMPRINT)
Place of publication, distribution, etc New Delhi
Name of publisher, distributor, etc Tata McGraw Hill
Date of publication, distribution, etc 2011
270 ## - ADDRESS
Address 7 West Patel Nagar
City New Delhi
Postal code 110008
300 ## - PHYSICAL DESCRIPTION
Extent ix, 361p.
Dimensions 28cm(pbk)
490 ## - SERIES STATEMENT
Series statement Schaum’s outlines
-- 36054
500 ## - GENERAL NOTE
General note Includes index.
650 #0 - SUBJECT ADDED ENTRY--TOPICAL TERM
Topical term or geographic name as entry element Quantum theory
9 (RLIN) 36033
Form subdivision Problems, exercises, etc.
650 #0 - SUBJECT ADDED ENTRY--TOPICAL TERM
Topical term or geographic name as entry element Quantum theory
9 (RLIN) 36034
Form subdivision Outlines, syllabi, etc.
700 1# - ADDED ENTRY--PERSONAL NAME
Personal name Peleg, Yoav
9 (RLIN) 36036
942 ## - ADDED ENTRY ELEMENTS (KOHA)
Source of classification or shelving scheme Dewey Decimal Classification
Item type English Books
Classification part 530.12
Call number suffix QUA
Holdings
Withdrawn status Lost status Source of classification or shelving scheme Damaged status Not for loan Collection code Home library Current library Date acquired Source of acquisition Cost, normal purchase price Total Checkouts Full call number Barcode Date last seen Copy number Cost, replacement price Koha item type
    Dewey Decimal Classification   Not For Loan Non-fiction D.B.Act.Division D.B.Act.Division 22/11/2011 DBAD/PUB 325.00   530.12 QUA EN-87705 22/11/2011 1 325.00 English Books

© Delhi Public Library
Hit Counter
free hit counter